Statistics for Marvel Villains Starting with U (by picture)

Click here to take the quiz!

General Stats

  • This quiz has been taken 18 times
  • The average score is 4 of 8

Answer Stats

Answer% Correct
Ultron
100%
Ursa Major
79%
Ulik
50%
Unus the Untouchable
50%
Ultimo
36%
Unicorn
36%
Unuscione
29%
U-Man
21%

Score Distribution

Percentile by Number Answered

Percent of People with Each Score

Your Score History

You have not taken this quiz